00560nas a2200193 a 4500001001000000003000900010005001700019008004100036040002500077082001400102222001200116245007100128260009200199300002400291310001000315362000900325942001500334999001700349000037423DO-SdBNP20240822122126.0120410c19369999dr ar1p dd 0 0spa d aDO-SdBNPbspacBNPHU axxxbxxxx 2aAnuario00aAnuario estadístico de la República Dominicana del año 1936. aCiudad Trujillo, República Dominicana :b[Oficina Nacional de Estadísticas (ONE) ]. av. - :bil., mapas. aAnual1 a1936 2ddccISSUE c36913d36913